| 000 | 00585nam a22001937a 4500 | ||
|---|---|---|---|
| 003 | OSt | ||
| 005 | 20140310182953.0 | ||
| 008 | 130206t xxu||||| |||| 00| 0 eng d | ||
| 020 | _a9789710391677 | ||
| 050 |
_aLB 3051 _b.D387 2011 |
||
| 100 | _aDel Socorro,Felicidad R. | ||
| 245 |
_aAssessment of student learning 1 & 2 / _cFelicidad R. Del Socorro, Roberta L. Omas-as, Rebecca S. Galela. |
||
| 260 |
_aQuezon City : _bGreat Books Publishing, _c2011. |
||
| 300 |
_axi, 150 p. : _bill. ; _c23 cm. |
||
| 521 | _aEDU | ||
| 942 |
_2lcc _cBK _kLOC |
||
| 999 |
_c17950 _d17950 |
||